000 00289nam a22001217a 4500
082 _a425
_bJON/P
100 _aJONES,DANIEL
245 _aTHE PRONUNCIATION OF ENGLISH
260 _aDELHI
_bBLACKIE & SON PUBLISHERS
300 _a223
650 _aPRONUNCIATION OF ENGLISH
_zINDIA
942 _cBK
999 _c4142
_d4142